Enciclopedia del modernismo / B. Champigneulle
Descripción Física:
288 p. : principalment il., negre i col. ; 23 cm
Materias:
Modernisme (Art)
MARC
| LEADER | 00000nam a2200000Ia 4500 | ||
|---|---|---|---|
| 001 | 1693 | ||
| 008 | 160829s1983 xx 000 0 cat d | ||
| 080 | |a B-1-126 | ||
| 100 | |a Champigneulle, Bernard |9 20140 | ||
| 245 | |a Enciclopedia del modernismo / B. Champigneulle | ||
| 260 | |a Barcelona : |b Polígrafa, |c 1983 | ||
| 300 | |a 288 p. : |b principalment il., negre i col. ; |c 23 cm | ||
| 650 | 0 | |a Modernisme (Art) |9 56051 | |
| 901 | |a Arxiu | ||
| 942 | |n 1 | ||
| 952 | |0 0 |1 0 |4 0 |6 B1126 |7 1 |9 41459 |a Arxiu |b Arxiu |d 2016-12-01 |l 0 |o B-1-126 |p 1693 |r 2016-12-01 00:00:00 |w 2016-12-01 |y ARXIU | ||
| 999 | |c 43267 |d 43267 | ||